兵庫県の市町村 (2000年) - Statistics

General Stats
  • This quiz has been taken 85 times
    57 since last reset
  • The average score is 67 of 88
Answers on the Map
Answers color-coded by a green-red scale on the quiz's map according to % correct below.
 
Answer Stats
ヒント 市町村名 % Correct
神戸市こうべし
100%
姫路市ひめじし
100%
明石市あかしし
100%
相生市あいおいし
100%
赤穂市あこうし
100%
篠山市ささやまし
100%
川辺郡 猪名川町いながわちょう
100%
加古郡 播磨町はりまちょう
100%
赤穂郡 上郡町かみごおりちょう
100%
尼崎市あまがさきし
97%
西宮市にしのみやし
97%
洲本市すもとし
97%
芦屋市あしやし
97%
豊岡市とよおかし
97%
加古川市かこがわし
97%
西脇市にしわきし
97%
宝塚市たからづかし
97%
三木市みきし
97%
川西市かわにしし
97%
三田市さんだし
97%
佐用郡 佐用町さようちょう
97%
養父郡 養父町やぶちょう
97%
伊丹市いたみし
95%
龍野市たつのし
95%
加西市かさいし
95%
城崎郡 城崎町きのさきちょう
95%
朝来郡 朝来町あさごちょう
95%
高砂市たかさごし
92%
小野市おのし
92%
美方郡 温泉町おんせんちょう
92%
神崎郡 福崎町ふくさきちょう
89%
城崎郡 香住町かすみちょう
89%
津名郡 淡路町あわじちょう
86%
三原郡 南淡町なんだんちょう
86%
加東郡 社町やしろちょう
84%
飾磨郡 夢前町ゆめさきちょう
84%
揖保郡 太子町たいしちょう
84%
朝来郡 生野町いくのちょう
84%
神崎郡 市川町いちかわちょう
81%
宍粟郡 山崎町やまさきちょう
81%
美方郡 浜坂町はまさかちょう
81%
養父郡 八鹿町ようかちょう
81%
朝来郡 和田山町わだやまちょう
81%
氷上郡 氷上町ひかみちょう
81%
津名郡 北淡町ほくだんちょう
81%
佐用郡 三日月町みかづきちょう
78%
飾磨郡 家島町いえしまちょう
76%
神崎郡 神崎町かんざきちょう
76%
揖保郡 新宮町しんぐうちょう
76%
揖保郡 揖保川町いぼがわちょう
76%
出石郡 出石町いずしちょう
76%
津名郡 津名町つなちょう
76%
三原郡 西淡町せいだんちょう
76%
加古郡 稲美町いなみちょう
70%
美方郡 美方町みかたちょう
70%
出石郡 但東町たんとうちょう
68%
三原郡 三原町みはらちょう
68%
美嚢郡 吉川町よかわちょう
65%
多可郡 黒田庄町くろだしょうちょう
65%
神崎郡 大河内町おおかわちちょう
65%
揖保郡 御津町みつちょう
65%
宍粟郡 一宮町いちのみやちょう
65%
城崎郡 竹野町たけのちょう
65%
津名郡 一宮町いちのみやちょう
65%
神崎郡 香寺町こうでらちょう
62%
佐用郡 上月町こうづきちょう
62%
氷上郡 柏原町かいばらちょう
62%
加東郡 滝野町たきのちょう
59%
加東郡 東条町とうじょうちょう
59%
氷上郡 青垣町あおがきちょう
59%
多可郡 中町なかちょう
57%
津名郡 東浦町ひがしうらちょう
57%
美方郡 村岡町むらおかちょう
54%
津名郡 五色町ごしきちょう
54%
佐用郡 南光町なんこうちょう
51%
氷上郡 市島町いちじまちょう
51%
三原郡 緑町みどりちょう
51%
宍粟郡 波賀町はがちょう
49%
宍粟郡 千種町ちくさちょう
49%
多可郡 加美町かみちょう
46%
宍粟郡 安富町やすとみちょう
46%
養父郡 関宮町せきのみやちょう
46%
氷上郡 春日町かすがちょう
46%
城崎郡 日高町ひだかちょう
43%
氷上郡 山南町さんなんちょう
41%
多可郡 八千代町やちよちょう
38%
養父郡 大屋町おおやちょう
38%
朝来郡 山東町さんとうちょう
38%
No matching quizzes found
Score Distribution
Percent of People with Each Score
Percentile by Number Answered
Your Score History
You have not taken this quiz since the last reset